| 000 | 00745cam a2200253I 4500 | ||
|---|---|---|---|
| 999 |
_c44441 _d44441 |
||
| 001 | 251034 | ||
| 005 | 20181023095348.0 | ||
| 008 | 840520s1950 nyu 0 0 eng | ||
| 010 | _a 50010475 | ||
| 035 | _a(OCoLC)361470 | ||
| 040 |
_aDLC _cWBU _dSER _dKAT |
||
| 049 | _aKATT | ||
| 100 | 1 |
_aGottschalk, Louis Reichenthal, _d1899-1975. |
|
| 245 | 1 | 0 |
_aUnderstanding history : _ba primer of historical method / _cLouis Gottschalk. |
| 250 | _a[1st ed.] | ||
| 260 |
_aNew York : _bKnopf, _c1950. |
||
| 300 |
_axix, 290, vi p. ; _c20 cm. |
||
| 336 | _atext | ||
| 337 | _aunmediated | ||
| 338 | _avolume | ||
| 650 | 0 | _aHistoriography. | |
| 942 |
_2lcc _cBK |
||